Central Library OPAC University of Rajshahi

Avahaṭṭha and comparative vocabulary of new Indo-Āryan languages / (Record no. 61102)

MARC details
000 -LEADER
fixed length control field 00947nam a2200253 a 4500
001 - CONTROL NUMBER
control field 61102
003 - CONTROL NUMBER IDENTIFIER
rucl marc code BD-RjUL
005 - DATE AND TIME OF LATEST TRANSACTION
control field 20211209080925.0
008 - FIXED-LENGTH DATA ELEMENTS--GENERAL INFORMATION
fixed length control field 170115s1979 ja b 000 0 eng
035 ## - SYSTEM CONTROL NUMBER
System control number (BD-RjUL)61226
040 ## - CATALOGING SOURCE
Original cataloging agency DLC
Transcribing agency DLC
Modifying agency BD-RjUL
Language of cataloging eng
041 ## - LANGUAGE CODE
Language code of text/sound track or separate title eng
082 00 - DEWEY DECIMAL CLASSIFICATION NUMBER
Classification number 491.1
Edition number 23
Author mark and year NAA 1979
100 1# - MAIN ENTRY--PERSONAL NAME
Personal name Nara, Tsuyoshi.
9 (RLIN) 182336
245 10 - TITLE STATEMENT
Title Avahaṭṭha and comparative vocabulary of new Indo-Āryan languages /
Statement of responsibility, etc. by Tsuyoshi Nara.
260 ## - PUBLICATION, DISTRIBUTION, ETC. (IMPRINT)
Place of publication, distribution, etc. Tokyo, Japan :
Name of publisher, distributor, etc. Institute for the Study of Languages and Cultures of Asia and Africa,
Date of publication, distribution, etc. c1979.
300 ## - PHYSICAL DESCRIPTION
Pagination vi, 166, p. ;
Size 22 cm.
650 #0 - SUBJECT ADDED ENTRY--TOPICAL TERM
Topical term or geographic name as entry element Avahattha language
General subdivision Vocabulary.
9 (RLIN) 182337
Topical term or geographic name as entry element Indo-Aryan languages, Modern
General subdivision Vocabulary.
9 (RLIN) 182338
Topical term or geographic name as entry element Grammar, Comparative
General subdivision Avahattha and Indo-Aryan, Modern.
9 (RLIN) 182339
Topical term or geographic name as entry element Grammar, Comparative
General subdivision Indo-Aryan languages, Modern, and Avahattha.
9 (RLIN) 182340
942 ## - ADDED ENTRY ELEMENTS (KOHA)
Source of classification or shelving scheme Dewey Decimal Classification
Koha item type Books
Holdings
Lost status Source of classification or shelving scheme Damaged status Not for loan Collection code Permanent Location Current Location Shelving location Date acquired Source of acquisition Total Checkouts Full call number Date last seen Copy number Koha item type
  Dewey Decimal Classification   Not For Loan Non-fiction Central Library, University of Rajshahi Central Library, University of Rajshahi Reading Room 12/03/2009 R.U.C.L.   491.1 NAA 1979 15/01/2017 C-1 Books